000 00405nam a2200181Ia 4500
003 0STCL
008 150530s9999 xx 000 0 und d
040 _aSTCL
_cSTCL
100 _aSreemoolanagaram Mohan
245 _aGreeshmam
250 _a4
260 _bC.I.C.C. Book House; Cochin
_c1985
300 _a0
546 _aMalayalam
942 _2ddc
_cBK
999 _c48771
_d48771
005 20220125170751.0